000 01149nas a2200361 4500
001 BR2012002203
003 BR-BrBNA
005 20231205120354.0
007 ta
008 230509b bl.|||p| |||| 00| 00por d
040 _aBR-BrBNA
_bpor
_cBiblioteca Nacional de Agricultura
041 _a(Pt)
072 _aJ10; F03
100 1 _aDaltro, E.M.F.
100 1 _aAlbuquerque, M.C. de F. e
100 1 _aFrança Neto, J. de B.
100 1 _aGuimarães, S.C.
100 1 _aGazziero, D.L.P.
100 1 _aHenning, A.A.
245 1 _aAplicação de dessecantes em pré-colheita: efeito na qualidade fisiológica de sementes de soja
246 1 _aPre-harvest desiccation: effects on the physiological quality of soybean seed
650 _aSOJA
650 _aGLYCNE MAX
650 _aSEMENTE
650 _aGERMINAÇÃO
650 _aTRATAMENTO DE SEMENTE
650 _aQUALIDADE
650 _aPATOLOGIA DE SEMENTE
650 _aDESSECANTE
773 0 _tRevista Brasileira de Sementes (Brazil)
_xISSN 0101-3122
_g(Mar 2010), v. 32(1) p. 111-122
_wBR2012002203
909 _a202311
_bLúcia
_c55
_dLúcia Elande
942 _2AGRIS
_n0
_cANA
999 _c218178
_d218178